000 00868nas a2200277 4500
001 BR2011001439
003 BR-BrBNA
005 20231205114858.0
007 ta
008 230509b bl.|||p| |||| 00| 00por d
040 _aBR-BrBNA
_bpor
_cBiblioteca Nacional de Agricultura
041 _a(Pt)
072 _aH60
100 1 _aMaciel, C.D.G.
100 1 _aGuerra, N.
100 1 _aOliveira Neto, A.M.
100 1 _aPoletine, J.P.
100 1 _aBastos, S.L.W.
100 1 _aDias, N.M.S.
245 1 _aTensão superficial estática de misturas em tanque de clyphosate + chlorimuron-ethyl isoladas ou associadas com adjuvantes
650 _aHERBICIDA
650 _aERVA DANINHA
773 0 _tPlanta Daninha (Brazil)
_xISSN 0100-8358
_g(Jul-Sep 2010), v. 28(3) p. 673-685
_wBR2011001439
909 _a202311
_bLúcia
_c55
_dLúcia Elande
942 _2AGRIS
_n0
_cANA
999 _c210979
_d210979